Maroko - krajina plná kontrastov

Bibliographic Details
Main Author: Šramka, Miron, 1940- (Author)
Format: Article
Language:Slovak
PhysicalDescription:Fotogr.
ISSN:1335-7778
Subjects:

MARC

LEADER 00000nab a2200000 ar4500
001 vtls008640329
003 SK-MaSNL
005 20260304165933.0
008 060329c2005 xo mr|p|||||||000 b|slo
015 |a SNBRB2006/03  |2 snkbucl 
038 |a SNKBUCL 
040 |a SNKBUCL  |b slo  |c SNKBUCL  |e AACR2 
041 0 |a slo 
044 |a xo  |c SK 
080 |a 908(64)  |2 UDC-MRF-SK2 
100 1 |a Šramka, Miron,  |d 1940-  |4 aut  |9 242637 
245 1 0 |a Maroko - krajina plná kontrastov  |c Miron Šramka 
300 |b Fotogr. 
650 0 7 |a reportáže  |2 snkbucl  |9 75670 
651 7 |a Maroko  |2 snkbucl  |9 17366 
773 0 |t Pes a mačka  |g Roč. 5, 7 (2005), s. 22-24  |x 1335-7778 
852 |a SNK  |b KIS3GCP 
999 |c 2986232  |d 2988162